| 000 | 01057cam a22002775i 4500 | ||
|---|---|---|---|
| 999 |
_c28135 _d28106 |
||
| 003 | EG-ScBUE | ||
| 005 | 20200218104500.0 | ||
| 008 | 200218s2017 ii a f b 001 0 eng d | ||
| 020 | _a9789386322036 | ||
| 040 |
_aEG-ScBUE _beng _erda _cEG-ScBUE _dEG-ScBUE |
||
| 082 | 0 | 4 |
_a610.73072 _bDAS _222 |
| 100 | 1 |
_aDash, Bijayalaskhmi, _eauthor. |
|
| 245 | 1 | 0 |
_aEssentials of nursing research and biostatistics / _cDash Bijayalaskhmi, MSc (N), Lecturer, Community Nursing (ONES Cadre), Government College of Nursing, MKCG Medical College, Berhampur, Odisha, India. |
| 250 | _aFirst edition. | ||
| 264 | 1 |
_aNew Delhi : _bJaypee Brothers Medical Publishers : _bThe Health Sciences Publisher, _c2017. |
|
| 300 |
_axii, 360 pages : _billustrations ; _c24 cm |
||
| 336 |
_atext _btxt _2rdacontent |
||
| 337 |
_aunmediated _bn _2rdamedia |
||
| 338 |
_avolume _bnc _2rdacarrier |
||
| 500 | _aIncludes index. | ||
| 650 | 7 |
_aNursing _xResearch. _2BUEsh |
|
| 650 | 7 |
_aBiometry. _2BUEsh _926131 |
|
| 653 |
_bNNUR _cFebruary2020 |
||
| 942 |
_2ddc _cBB |
||